header

Social equity and public administration (Record no. 142698)

MARC details
000 -LEADER
fixed length control field 01826nam a2200349 a 4500
082 04 - DEWEY DECIMAL CLASSIFICATION NUMBER
Classification number 351
100 1# - MAIN ENTRY--AUTHOR NAME
Personal name Frederickson, H. George.
245 10 - TITLE STATEMENT
Title Social equity and public administration
260 ## - PUBLICATION, DISTRIBUTION, ETC. (IMPRINT)
Place of publication Armonk, N.Y. :
Name of publisher M.E. Sharpe, Inc.,
Year of publication c2010.
300 ## - PHYSICAL DESCRIPTION
Number of Pages xix, 169 p.
505 0# - FORMATTED CONTENTS NOTE
Formatted contents note Social equity and the new public administration -- Social equity in context -- Social equity : the democratic context and the compound theory -- Social equity and the question of administrative discretion -- The state of social equity in American public administration -- An intergenerational social equity ethic -- Social equity, law, and research -- When education quality speaks, education equality answers -- Social equity in the twenty-first century : in memory of Philip J. Rutledge.
650 #0 - SUBJECT ADDED ENTRY--TOPICAL TERM
Topical Term Public administration.
Topical Term Public welfare
856 40 - ELECTRONIC LOCATION AND ACCESS
Uniform Resource Identifier http://site.ebrary.com/lib/rucke/Doc?id=10425390

No items available.

© 2026 Rongo University
Contact us: librarian | system librarian | Rongo university